<?xml version="1.0" encoding="UTF-8"?>
<record
    xmlns:xsi="http://www.w3.org/2001/XMLSchema-instance"
    xsi:schemaLocation="http://www.loc.gov/MARC21/slim http://www.loc.gov/standards/marcxml/schema/MARC21slim.xsd"
    xmlns="http://www.loc.gov/MARC21/slim">

  <leader>01129nas a2200289 i 4500</leader>
  <controlfield tag="003">DO-SdUA</controlfield>
  <controlfield tag="005">20260309094726.0</controlfield>
  <controlfield tag="007">ta</controlfield>
  <controlfield tag="008">260305e1989    dr m  p|r|   ||   | spa d</controlfield>
  <datafield tag="035" ind1=" " ind2=" ">
    <subfield code="a">(DO-SdUA)43825</subfield>
  </datafield>
  <datafield tag="040" ind1=" " ind2=" ">
    <subfield code="a">DO-SdUA</subfield>
    <subfield code="b">spa</subfield>
    <subfield code="c">BNPHU</subfield>
    <subfield code="e">rda</subfield>
  </datafield>
  <datafield tag="041" ind1="0" ind2=" ">
    <subfield code="a">spa</subfield>
  </datafield>
  <datafield tag="245" ind1="0" ind2="0">
    <subfield code="a">Quehaceres /</subfield>
    <subfield code="c">Centro de Investigaci&#xF3;n para la Acci&#xF3;n Femenina.</subfield>
  </datafield>
  <datafield tag="264" ind1=" " ind2=" ">
    <subfield code="a">Santo Domingo, Rep&#xFA;blica Dominicana :</subfield>
    <subfield code="b">Centro de Investigaci&#xF3;n para la Acci&#xF3;n Femenina (CIPAF),</subfield>
    <subfield code="c">1989.</subfield>
  </datafield>
  <datafield tag="300" ind1=" " ind2=" ">
    <subfield code="a">volumen :</subfield>
    <subfield code="b">ilustraciones, retratos ; </subfield>
    <subfield code="c">36 cm.</subfield>
  </datafield>
  <datafield tag="310" ind1=" " ind2=" ">
    <subfield code="a">Mensual.</subfield>
  </datafield>
  <datafield tag="336" ind1=" " ind2=" ">
    <subfield code="a">texto</subfield>
    <subfield code="b">txt </subfield>
    <subfield code="2">rdacontent</subfield>
  </datafield>
  <datafield tag="337" ind1=" " ind2=" ">
    <subfield code="a">sin mediaci&#xF3;n </subfield>
    <subfield code="b">n</subfield>
    <subfield code="2">rdamedia</subfield>
  </datafield>
  <datafield tag="338" ind1=" " ind2=" ">
    <subfield code="a">volumen </subfield>
    <subfield code="b">nc </subfield>
    <subfield code="2">rdacarrier</subfield>
  </datafield>
  <datafield tag="362" ind1=" " ind2=" ">
    <subfield code="a">A&#xF1;o 9. No. 7, julio 1989.</subfield>
  </datafield>
  <datafield tag="500" ind1=" " ind2=" ">
    <subfield code="a">Catalogaci&#xF3;n basada en: A&#xF1;o 9. No. 7, julio 1989.</subfield>
  </datafield>
  <datafield tag="650" ind1=" " ind2="7">
    <subfield code="a">Mujeres</subfield>
    <subfield code="v">Publicaciones peri&#xF3;dicas </subfield>
    <subfield code="2">lemb</subfield>
    <subfield code="9">89164</subfield>
  </datafield>
  <datafield tag="650" ind1=" " ind2="7">
    <subfield code="a">Mujeres en los medios de comunicaci&#xF3;n de masas</subfield>
    <subfield code="v">Publicaciones peri&#xF3;dicas</subfield>
    <subfield code="2">lemb</subfield>
    <subfield code="9">89165</subfield>
  </datafield>
  <datafield tag="650" ind1=" " ind2="0">
    <subfield code="a">Feminismo</subfield>
    <subfield code="v">Publicaciones peri&#xF3;dicas </subfield>
    <subfield code="9">2525</subfield>
  </datafield>
  <datafield tag="710" ind1="2" ind2=" ">
    <subfield code="a">Centro de Investigaci&#xF3;n para la Acci&#xF3;n Femenina (CIPAF)</subfield>
    <subfield code="9">88465</subfield>
  </datafield>
  <datafield tag="942" ind1=" " ind2=" ">
    <subfield code="2">ddc</subfield>
    <subfield code="c">ISSUE</subfield>
  </datafield>
  <datafield tag="952" ind1=" " ind2=" ">
    <subfield code="0">0</subfield>
    <subfield code="1">0</subfield>
    <subfield code="2">ddc</subfield>
    <subfield code="4">0</subfield>
    <subfield code="5">6</subfield>
    <subfield code="7">0</subfield>
    <subfield code="8">SE</subfield>
    <subfield code="a">BNPHU</subfield>
    <subfield code="b">BNPHU</subfield>
    <subfield code="d">2026-03-06</subfield>
    <subfield code="h">A&#xF1;o 9. No. 7, julio 1989</subfield>
    <subfield code="l">0</subfield>
    <subfield code="p">2026-1797</subfield>
    <subfield code="r">2026-03-06</subfield>
    <subfield code="t">e.1</subfield>
    <subfield code="w">2026-03-06</subfield>
    <subfield code="y">ISSUE</subfield>
    <subfield code="z">Avances y dificultades en el movimiento de mujeres.</subfield>
  </datafield>
  <datafield tag="952" ind1=" " ind2=" ">
    <subfield code="0">0</subfield>
    <subfield code="1">0</subfield>
    <subfield code="2">ddc</subfield>
    <subfield code="4">0</subfield>
    <subfield code="5">6</subfield>
    <subfield code="7">0</subfield>
    <subfield code="8">SE</subfield>
    <subfield code="a">BNPHU</subfield>
    <subfield code="b">BNPHU</subfield>
    <subfield code="d">2026-03-09</subfield>
    <subfield code="h">A&#xF1;o 9. No. 7, julio 1989</subfield>
    <subfield code="l">0</subfield>
    <subfield code="p">2026-1798</subfield>
    <subfield code="r">2026-03-09</subfield>
    <subfield code="t">e.2</subfield>
    <subfield code="w">2026-03-09</subfield>
    <subfield code="y">ISSUE</subfield>
  </datafield>
  <datafield tag="952" ind1=" " ind2=" ">
    <subfield code="0">0</subfield>
    <subfield code="1">0</subfield>
    <subfield code="2">ddc</subfield>
    <subfield code="4">0</subfield>
    <subfield code="5">6</subfield>
    <subfield code="7">0</subfield>
    <subfield code="8">SE</subfield>
    <subfield code="a">BNPHU</subfield>
    <subfield code="b">BNPHU</subfield>
    <subfield code="d">2026-03-09</subfield>
    <subfield code="h">A&#xF1;o 9. No. 12, diciembre 1989</subfield>
    <subfield code="l">0</subfield>
    <subfield code="p">2026-1799</subfield>
    <subfield code="r">2026-03-09</subfield>
    <subfield code="t">e.1</subfield>
    <subfield code="w">2026-03-09</subfield>
    <subfield code="y">ISSUE</subfield>
  </datafield>
  <datafield tag="952" ind1=" " ind2=" ">
    <subfield code="0">0</subfield>
    <subfield code="1">0</subfield>
    <subfield code="2">ddc</subfield>
    <subfield code="4">0</subfield>
    <subfield code="5">6</subfield>
    <subfield code="7">0</subfield>
    <subfield code="8">SE</subfield>
    <subfield code="a">BNPHU</subfield>
    <subfield code="b">BNPHU</subfield>
    <subfield code="d">2026-03-09</subfield>
    <subfield code="h">A&#xF1;o 10, mayo 1990</subfield>
    <subfield code="l">0</subfield>
    <subfield code="p">2026-1800</subfield>
    <subfield code="r">2026-03-09</subfield>
    <subfield code="t">e.1</subfield>
    <subfield code="w">2026-03-09</subfield>
    <subfield code="y">ISSUE</subfield>
  </datafield>
  <datafield tag="952" ind1=" " ind2=" ">
    <subfield code="0">0</subfield>
    <subfield code="1">0</subfield>
    <subfield code="2">ddc</subfield>
    <subfield code="4">0</subfield>
    <subfield code="5">6</subfield>
    <subfield code="7">0</subfield>
    <subfield code="8">SE</subfield>
    <subfield code="a">BNPHU</subfield>
    <subfield code="b">BNPHU</subfield>
    <subfield code="d">2026-03-09</subfield>
    <subfield code="h">A&#xF1;o 10, junio-julio 1990</subfield>
    <subfield code="l">0</subfield>
    <subfield code="p">2026-1801</subfield>
    <subfield code="r">2026-03-09</subfield>
    <subfield code="t">e.1</subfield>
    <subfield code="w">2026-03-09</subfield>
    <subfield code="y">ISSUE</subfield>
  </datafield>
  <datafield tag="952" ind1=" " ind2=" ">
    <subfield code="0">0</subfield>
    <subfield code="1">0</subfield>
    <subfield code="2">ddc</subfield>
    <subfield code="4">0</subfield>
    <subfield code="5">6</subfield>
    <subfield code="7">0</subfield>
    <subfield code="8">SE</subfield>
    <subfield code="a">BNPHU</subfield>
    <subfield code="b">BNPHU</subfield>
    <subfield code="d">2026-03-09</subfield>
    <subfield code="h">A&#xF1;o 11, junio 1991</subfield>
    <subfield code="l">0</subfield>
    <subfield code="p">2026-1802</subfield>
    <subfield code="r">2026-03-09</subfield>
    <subfield code="t">e.1</subfield>
    <subfield code="w">2026-03-09</subfield>
    <subfield code="y">ISSUE</subfield>
    <subfield code="z">500 a&#xF1;os de Patriarcado Occidental en el Nuevo Mundo.</subfield>
  </datafield>
  <datafield tag="952" ind1=" " ind2=" ">
    <subfield code="0">0</subfield>
    <subfield code="1">0</subfield>
    <subfield code="2">ddc</subfield>
    <subfield code="4">0</subfield>
    <subfield code="5">6</subfield>
    <subfield code="7">0</subfield>
    <subfield code="8">SE</subfield>
    <subfield code="a">BNPHU</subfield>
    <subfield code="b">BNPHU</subfield>
    <subfield code="d">2026-03-09</subfield>
    <subfield code="h">A&#xF1;o 11, septiembre-octubre 1991</subfield>
    <subfield code="l">0</subfield>
    <subfield code="p">2026-1803</subfield>
    <subfield code="r">2026-03-09</subfield>
    <subfield code="t">e.1</subfield>
    <subfield code="w">2026-03-09</subfield>
    <subfield code="y">ISSUE</subfield>
    <subfield code="z">El Feminismo: una apuesta al futuro.</subfield>
  </datafield>
  <datafield tag="952" ind1=" " ind2=" ">
    <subfield code="0">0</subfield>
    <subfield code="1">0</subfield>
    <subfield code="2">ddc</subfield>
    <subfield code="4">0</subfield>
    <subfield code="5">6</subfield>
    <subfield code="7">0</subfield>
    <subfield code="8">SE</subfield>
    <subfield code="a">BNPHU</subfield>
    <subfield code="b">BNPHU</subfield>
    <subfield code="d">2026-03-09</subfield>
    <subfield code="h">A&#xF1;o 11, septiembre-octubre 1991</subfield>
    <subfield code="l">0</subfield>
    <subfield code="p">2026-1804</subfield>
    <subfield code="r">2026-03-09</subfield>
    <subfield code="t">e.2</subfield>
    <subfield code="w">2026-03-09</subfield>
    <subfield code="y">ISSUE</subfield>
    <subfield code="z">El Feminismo: una apuesta al futuro.</subfield>
  </datafield>
  <datafield tag="952" ind1=" " ind2=" ">
    <subfield code="0">0</subfield>
    <subfield code="1">0</subfield>
    <subfield code="2">ddc</subfield>
    <subfield code="4">0</subfield>
    <subfield code="5">6</subfield>
    <subfield code="7">0</subfield>
    <subfield code="8">SE</subfield>
    <subfield code="a">BNPHU</subfield>
    <subfield code="b">BNPHU</subfield>
    <subfield code="d">2026-03-09</subfield>
    <subfield code="h">A&#xF1;o 11, noviembre 1991</subfield>
    <subfield code="l">0</subfield>
    <subfield code="p">2026-1806</subfield>
    <subfield code="r">2026-03-09</subfield>
    <subfield code="t">e.1</subfield>
    <subfield code="w">2026-03-09</subfield>
    <subfield code="y">ISSUE</subfield>
    <subfield code="z">Mujer, desesperanza y vida cotidiana, 25 de noviembre d&#xED;a de la No Violencia Contra la Mujer.</subfield>
  </datafield>
  <datafield tag="952" ind1=" " ind2=" ">
    <subfield code="0">0</subfield>
    <subfield code="1">0</subfield>
    <subfield code="2">ddc</subfield>
    <subfield code="4">0</subfield>
    <subfield code="5">6</subfield>
    <subfield code="7">0</subfield>
    <subfield code="8">SE</subfield>
    <subfield code="a">BNPHU</subfield>
    <subfield code="b">BNPHU</subfield>
    <subfield code="d">2026-03-09</subfield>
    <subfield code="h">A&#xF1;o 11, diciembre 1991</subfield>
    <subfield code="l">0</subfield>
    <subfield code="p">2026-1807</subfield>
    <subfield code="r">2026-03-09</subfield>
    <subfield code="t">e.1</subfield>
    <subfield code="w">2026-03-09</subfield>
    <subfield code="y">ISSUE</subfield>
    <subfield code="z">Memoria del 91: ampliando, y fortalecimiento, el compromiso con nosotras mismas.</subfield>
  </datafield>
  <datafield tag="952" ind1=" " ind2=" ">
    <subfield code="0">0</subfield>
    <subfield code="1">0</subfield>
    <subfield code="2">ddc</subfield>
    <subfield code="4">0</subfield>
    <subfield code="5">6</subfield>
    <subfield code="7">0</subfield>
    <subfield code="8">SE</subfield>
    <subfield code="a">BNPHU</subfield>
    <subfield code="b">BNPHU</subfield>
    <subfield code="d">2026-03-09</subfield>
    <subfield code="h">A&#xF1;o 11, noviembre 1991</subfield>
    <subfield code="l">0</subfield>
    <subfield code="p">2026-1808</subfield>
    <subfield code="r">2026-03-09</subfield>
    <subfield code="t">e.2</subfield>
    <subfield code="w">2026-03-09</subfield>
    <subfield code="y">ISSUE</subfield>
    <subfield code="z">Mujer, desesperanza y vida cotidiana, 25 de noviembre d&#xED;a de la No Violencia Contra la Mujer.</subfield>
  </datafield>
  <datafield tag="952" ind1=" " ind2=" ">
    <subfield code="0">0</subfield>
    <subfield code="1">0</subfield>
    <subfield code="2">ddc</subfield>
    <subfield code="4">0</subfield>
    <subfield code="5">6</subfield>
    <subfield code="7">0</subfield>
    <subfield code="8">SE</subfield>
    <subfield code="a">BNPHU</subfield>
    <subfield code="b">BNPHU</subfield>
    <subfield code="d">2026-03-09</subfield>
    <subfield code="h">A&#xF1;o 12, marzo 1992</subfield>
    <subfield code="l">0</subfield>
    <subfield code="p">2026-1809</subfield>
    <subfield code="r">2026-03-09</subfield>
    <subfield code="t">e.1</subfield>
    <subfield code="w">2026-03-09</subfield>
    <subfield code="y">ISSUE</subfield>
    <subfield code="z">8 de Marzo D&#xED;a Internacional de la Mujer, Construyendo Nuestra Identidad.</subfield>
  </datafield>
  <datafield tag="952" ind1=" " ind2=" ">
    <subfield code="0">0</subfield>
    <subfield code="1">0</subfield>
    <subfield code="2">ddc</subfield>
    <subfield code="4">0</subfield>
    <subfield code="5">6</subfield>
    <subfield code="7">0</subfield>
    <subfield code="8">SE</subfield>
    <subfield code="a">BNPHU</subfield>
    <subfield code="b">BNPHU</subfield>
    <subfield code="d">2026-03-09</subfield>
    <subfield code="h">A&#xF1;o 12, marzo 1992</subfield>
    <subfield code="l">0</subfield>
    <subfield code="p">2026-1810</subfield>
    <subfield code="r">2026-03-09</subfield>
    <subfield code="t">e.2</subfield>
    <subfield code="w">2026-03-09</subfield>
    <subfield code="y">ISSUE</subfield>
    <subfield code="z">8 de Marzo D&#xED;a Internacional de la Mujer, Construyendo Nuestra Identidad.</subfield>
  </datafield>
  <datafield tag="952" ind1=" " ind2=" ">
    <subfield code="0">0</subfield>
    <subfield code="1">0</subfield>
    <subfield code="2">ddc</subfield>
    <subfield code="4">0</subfield>
    <subfield code="5">6</subfield>
    <subfield code="7">0</subfield>
    <subfield code="8">SE</subfield>
    <subfield code="a">BNPHU</subfield>
    <subfield code="b">BNPHU</subfield>
    <subfield code="d">2026-03-09</subfield>
    <subfield code="h">A&#xF1;o 12, junio 1992</subfield>
    <subfield code="l">0</subfield>
    <subfield code="p">2026-1811</subfield>
    <subfield code="r">2026-03-09</subfield>
    <subfield code="t">e.1</subfield>
    <subfield code="w">2026-03-09</subfield>
    <subfield code="y">ISSUE</subfield>
    <subfield code="z">Desnudez del silencio: la literatura hecha por mujeres.</subfield>
  </datafield>
  <datafield tag="952" ind1=" " ind2=" ">
    <subfield code="0">0</subfield>
    <subfield code="1">0</subfield>
    <subfield code="2">ddc</subfield>
    <subfield code="4">0</subfield>
    <subfield code="5">6</subfield>
    <subfield code="7">0</subfield>
    <subfield code="8">SE</subfield>
    <subfield code="a">BNPHU</subfield>
    <subfield code="b">BNPHU</subfield>
    <subfield code="d">2026-03-09</subfield>
    <subfield code="h">A&#xF1;o 12, julio 1992</subfield>
    <subfield code="l">0</subfield>
    <subfield code="p">2026-1812</subfield>
    <subfield code="r">2026-03-09</subfield>
    <subfield code="t">e.1</subfield>
    <subfield code="w">2026-03-09</subfield>
    <subfield code="y">ISSUE</subfield>
    <subfield code="z">Coeducaci&#xF3;n para un mundo de igualdad.</subfield>
  </datafield>
  <datafield tag="952" ind1=" " ind2=" ">
    <subfield code="0">0</subfield>
    <subfield code="1">0</subfield>
    <subfield code="2">ddc</subfield>
    <subfield code="4">0</subfield>
    <subfield code="5">6</subfield>
    <subfield code="7">0</subfield>
    <subfield code="8">SE</subfield>
    <subfield code="a">BNPHU</subfield>
    <subfield code="b">BNPHU</subfield>
    <subfield code="d">2026-03-09</subfield>
    <subfield code="h">A&#xF1;o 12, noviembre 1992</subfield>
    <subfield code="l">0</subfield>
    <subfield code="p">2026-1813</subfield>
    <subfield code="r">2026-03-09</subfield>
    <subfield code="t">e.1</subfield>
    <subfield code="w">2026-03-09</subfield>
    <subfield code="y">ISSUE</subfield>
    <subfield code="z">Los derechos de la Mujer son Derechos Humanos.</subfield>
  </datafield>
  <datafield tag="952" ind1=" " ind2=" ">
    <subfield code="0">0</subfield>
    <subfield code="1">0</subfield>
    <subfield code="2">ddc</subfield>
    <subfield code="4">0</subfield>
    <subfield code="5">6</subfield>
    <subfield code="7">0</subfield>
    <subfield code="8">SE</subfield>
    <subfield code="a">BNPHU</subfield>
    <subfield code="b">BNPHU</subfield>
    <subfield code="d">2026-03-09</subfield>
    <subfield code="h">A&#xF1;o 12, noviembre 1992</subfield>
    <subfield code="l">0</subfield>
    <subfield code="p">2026-1814</subfield>
    <subfield code="r">2026-03-09</subfield>
    <subfield code="t">e.2</subfield>
    <subfield code="w">2026-03-09</subfield>
    <subfield code="y">ISSUE</subfield>
    <subfield code="z">Los derechos de la Mujer son Derechos Humanos.</subfield>
  </datafield>
  <datafield tag="952" ind1=" " ind2=" ">
    <subfield code="0">0</subfield>
    <subfield code="1">0</subfield>
    <subfield code="2">ddc</subfield>
    <subfield code="4">0</subfield>
    <subfield code="5">6</subfield>
    <subfield code="7">0</subfield>
    <subfield code="8">SE</subfield>
    <subfield code="a">BNPHU</subfield>
    <subfield code="b">BNPHU</subfield>
    <subfield code="d">2026-03-09</subfield>
    <subfield code="h">A&#xF1;o 12, diciembre 1992</subfield>
    <subfield code="l">0</subfield>
    <subfield code="p">2026-1815</subfield>
    <subfield code="r">2026-03-09</subfield>
    <subfield code="t">e.1</subfield>
    <subfield code="w">2026-03-09</subfield>
    <subfield code="y">ISSUE</subfield>
    <subfield code="z">Ampliando el mapa social Nacional y de cara a la Regi&#xF3;n. </subfield>
  </datafield>
  <datafield tag="952" ind1=" " ind2=" ">
    <subfield code="0">0</subfield>
    <subfield code="1">0</subfield>
    <subfield code="2">ddc</subfield>
    <subfield code="4">0</subfield>
    <subfield code="5">6</subfield>
    <subfield code="7">0</subfield>
    <subfield code="8">SE</subfield>
    <subfield code="a">BNPHU</subfield>
    <subfield code="b">BNPHU</subfield>
    <subfield code="d">2026-03-09</subfield>
    <subfield code="h">15 Aniversario, enero 1995</subfield>
    <subfield code="l">0</subfield>
    <subfield code="p">2026-1816</subfield>
    <subfield code="r">2026-03-09</subfield>
    <subfield code="t">e.1</subfield>
    <subfield code="w">2026-03-09</subfield>
    <subfield code="y">ISSUE</subfield>
    <subfield code="z">Las Conferencias Mundiales sobre la Mujer.</subfield>
  </datafield>
  <datafield tag="952" ind1=" " ind2=" ">
    <subfield code="0">0</subfield>
    <subfield code="1">0</subfield>
    <subfield code="2">ddc</subfield>
    <subfield code="4">0</subfield>
    <subfield code="5">6</subfield>
    <subfield code="7">0</subfield>
    <subfield code="8">SE</subfield>
    <subfield code="a">BNPHU</subfield>
    <subfield code="b">BNPHU</subfield>
    <subfield code="d">2026-03-09</subfield>
    <subfield code="h">15 Aniversario, enero 1995</subfield>
    <subfield code="l">0</subfield>
    <subfield code="p">2026-1817</subfield>
    <subfield code="r">2026-03-09</subfield>
    <subfield code="t">e.2</subfield>
    <subfield code="w">2026-03-09</subfield>
    <subfield code="y">ISSUE</subfield>
    <subfield code="z">Las Conferencias Mundiales sobre la Mujer.</subfield>
  </datafield>
  <datafield tag="952" ind1=" " ind2=" ">
    <subfield code="0">0</subfield>
    <subfield code="1">0</subfield>
    <subfield code="2">ddc</subfield>
    <subfield code="4">0</subfield>
    <subfield code="5">6</subfield>
    <subfield code="7">0</subfield>
    <subfield code="8">SE</subfield>
    <subfield code="a">BNPHU</subfield>
    <subfield code="b">BNPHU</subfield>
    <subfield code="d">2026-03-09</subfield>
    <subfield code="h">15 Aniversario, marzo 1995</subfield>
    <subfield code="l">0</subfield>
    <subfield code="p">2026-1818</subfield>
    <subfield code="r">2026-03-09</subfield>
    <subfield code="t">e.1</subfield>
    <subfield code="w">2026-03-09</subfield>
    <subfield code="y">ISSUE</subfield>
  </datafield>
  <datafield tag="952" ind1=" " ind2=" ">
    <subfield code="0">0</subfield>
    <subfield code="1">0</subfield>
    <subfield code="2">ddc</subfield>
    <subfield code="4">0</subfield>
    <subfield code="5">6</subfield>
    <subfield code="7">0</subfield>
    <subfield code="8">SE</subfield>
    <subfield code="a">BNPHU</subfield>
    <subfield code="b">BNPHU</subfield>
    <subfield code="d">2026-03-09</subfield>
    <subfield code="h">15 Aniversario, marzo 1995</subfield>
    <subfield code="l">0</subfield>
    <subfield code="p">2026-1819</subfield>
    <subfield code="r">2026-03-09</subfield>
    <subfield code="t">e.2</subfield>
    <subfield code="w">2026-03-09</subfield>
    <subfield code="y">ISSUE</subfield>
  </datafield>
  <datafield tag="952" ind1=" " ind2=" ">
    <subfield code="0">0</subfield>
    <subfield code="1">0</subfield>
    <subfield code="2">ddc</subfield>
    <subfield code="4">0</subfield>
    <subfield code="5">6</subfield>
    <subfield code="7">0</subfield>
    <subfield code="8">SE</subfield>
    <subfield code="a">BNPHU</subfield>
    <subfield code="b">BNPHU</subfield>
    <subfield code="d">2026-03-09</subfield>
    <subfield code="h">15 Aniversario, mayo 1995</subfield>
    <subfield code="l">0</subfield>
    <subfield code="p">2026-1820</subfield>
    <subfield code="r">2026-03-09</subfield>
    <subfield code="t">e.1</subfield>
    <subfield code="w">2026-03-09</subfield>
    <subfield code="y">ISSUE</subfield>
    <subfield code="z">Mujer y Derechos Reproductivos: Impulsemos los acuerdos de El Cairo a Beijing.</subfield>
  </datafield>
  <datafield tag="952" ind1=" " ind2=" ">
    <subfield code="0">0</subfield>
    <subfield code="1">0</subfield>
    <subfield code="2">ddc</subfield>
    <subfield code="4">0</subfield>
    <subfield code="5">6</subfield>
    <subfield code="7">0</subfield>
    <subfield code="8">SE</subfield>
    <subfield code="a">BNPHU</subfield>
    <subfield code="b">BNPHU</subfield>
    <subfield code="d">2026-03-09</subfield>
    <subfield code="h">15 Aniversario, noviembre 1995</subfield>
    <subfield code="l">0</subfield>
    <subfield code="p">2026-1821</subfield>
    <subfield code="r">2026-03-09</subfield>
    <subfield code="t">e.1</subfield>
    <subfield code="w">2026-03-09</subfield>
    <subfield code="y">ISSUE</subfield>
    <subfield code="z">35 a&#xF1;os despu&#xE9;s; la violencia continua. </subfield>
  </datafield>
  <datafield tag="952" ind1=" " ind2=" ">
    <subfield code="0">0</subfield>
    <subfield code="1">0</subfield>
    <subfield code="2">ddc</subfield>
    <subfield code="4">0</subfield>
    <subfield code="5">6</subfield>
    <subfield code="7">0</subfield>
    <subfield code="8">SE</subfield>
    <subfield code="a">BNPHU</subfield>
    <subfield code="b">BNPHU</subfield>
    <subfield code="d">2026-03-09</subfield>
    <subfield code="h">15 Aniversario, n&#xFA;mero 7, julio 1996</subfield>
    <subfield code="l">0</subfield>
    <subfield code="p">2026-1822</subfield>
    <subfield code="r">2026-03-09</subfield>
    <subfield code="t">e.1</subfield>
    <subfield code="w">2026-03-09</subfield>
    <subfield code="y">ISSUE</subfield>
    <subfield code="z">"Trabajo s&#xED;, pero con dignidad".</subfield>
  </datafield>
  <datafield tag="952" ind1=" " ind2=" ">
    <subfield code="0">0</subfield>
    <subfield code="1">0</subfield>
    <subfield code="2">ddc</subfield>
    <subfield code="4">0</subfield>
    <subfield code="5">6</subfield>
    <subfield code="7">0</subfield>
    <subfield code="8">SE</subfield>
    <subfield code="a">BNPHU</subfield>
    <subfield code="b">BNPHU</subfield>
    <subfield code="d">2026-03-09</subfield>
    <subfield code="h">21 Aniversario, n&#xFA;mero 1, mayo 2001</subfield>
    <subfield code="l">0</subfield>
    <subfield code="p">2026-1823</subfield>
    <subfield code="r">2026-03-09</subfield>
    <subfield code="t">e.1</subfield>
    <subfield code="w">2026-03-09</subfield>
    <subfield code="y">ISSUE</subfield>
    <subfield code="z">Mi voto preferencial por la Mujer.</subfield>
  </datafield>
  <datafield tag="952" ind1=" " ind2=" ">
    <subfield code="0">0</subfield>
    <subfield code="1">0</subfield>
    <subfield code="2">ddc</subfield>
    <subfield code="4">0</subfield>
    <subfield code="5">6</subfield>
    <subfield code="7">0</subfield>
    <subfield code="8">SE</subfield>
    <subfield code="a">BNPHU</subfield>
    <subfield code="b">BNPHU</subfield>
    <subfield code="d">2026-03-09</subfield>
    <subfield code="h">21 Aniversario, n&#xFA;mero 1, mayo 2001</subfield>
    <subfield code="l">0</subfield>
    <subfield code="p">2026-1824</subfield>
    <subfield code="r">2026-03-09</subfield>
    <subfield code="t">e.2</subfield>
    <subfield code="w">2026-03-09</subfield>
    <subfield code="y">ISSUE</subfield>
    <subfield code="z">Mi voto preferencial por la Mujer.</subfield>
  </datafield>
  <datafield tag="952" ind1=" " ind2=" ">
    <subfield code="0">0</subfield>
    <subfield code="1">0</subfield>
    <subfield code="2">ddc</subfield>
    <subfield code="4">0</subfield>
    <subfield code="5">6</subfield>
    <subfield code="7">0</subfield>
    <subfield code="8">SE</subfield>
    <subfield code="a">BNPHU</subfield>
    <subfield code="b">BNPHU</subfield>
    <subfield code="d">2026-03-09</subfield>
    <subfield code="h">A&#xF1;o 22, n&#xFA;mero 2, noviembre 2002</subfield>
    <subfield code="l">0</subfield>
    <subfield code="p">2026-1825</subfield>
    <subfield code="r">2026-03-09</subfield>
    <subfield code="t">e.1</subfield>
    <subfield code="w">2026-03-09</subfield>
    <subfield code="y">ISSUE</subfield>
    <subfield code="z">V&#xED;ctimas de una guerra puertas adentro.</subfield>
  </datafield>
  <datafield tag="952" ind1=" " ind2=" ">
    <subfield code="0">0</subfield>
    <subfield code="1">0</subfield>
    <subfield code="2">ddc</subfield>
    <subfield code="4">0</subfield>
    <subfield code="5">6</subfield>
    <subfield code="7">0</subfield>
    <subfield code="8">SE</subfield>
    <subfield code="a">BNPHU</subfield>
    <subfield code="b">BNPHU</subfield>
    <subfield code="d">2026-03-09</subfield>
    <subfield code="h">A&#xF1;o 23, n&#xFA;mero 1, mayo 2003</subfield>
    <subfield code="l">0</subfield>
    <subfield code="p">2026-1826</subfield>
    <subfield code="r">2026-03-09</subfield>
    <subfield code="t">e.1</subfield>
    <subfield code="w">2026-03-09</subfield>
    <subfield code="y">ISSUE</subfield>
    <subfield code="z">Trabajo infantil dom&#xE9;stico.</subfield>
  </datafield>
  <datafield tag="952" ind1=" " ind2=" ">
    <subfield code="0">0</subfield>
    <subfield code="1">0</subfield>
    <subfield code="2">ddc</subfield>
    <subfield code="4">0</subfield>
    <subfield code="5">6</subfield>
    <subfield code="7">0</subfield>
    <subfield code="8">SE</subfield>
    <subfield code="a">BNPHU</subfield>
    <subfield code="b">BNPHU</subfield>
    <subfield code="d">2026-03-09</subfield>
    <subfield code="h">A&#xF1;o 23, n&#xFA;mero 1, mayo 2003</subfield>
    <subfield code="l">0</subfield>
    <subfield code="p">2026-1827</subfield>
    <subfield code="r">2026-03-09</subfield>
    <subfield code="t">e.2</subfield>
    <subfield code="w">2026-03-09</subfield>
    <subfield code="y">ISSUE</subfield>
    <subfield code="z">Trabajo infantil dom&#xE9;stico.</subfield>
  </datafield>
  <datafield tag="952" ind1=" " ind2=" ">
    <subfield code="0">0</subfield>
    <subfield code="1">0</subfield>
    <subfield code="2">ddc</subfield>
    <subfield code="4">0</subfield>
    <subfield code="5">6</subfield>
    <subfield code="7">0</subfield>
    <subfield code="8">SE</subfield>
    <subfield code="a">BNPHU</subfield>
    <subfield code="b">BNPHU</subfield>
    <subfield code="d">2026-03-09</subfield>
    <subfield code="h">A&#xF1;o 23, n&#xFA;mero 1, mayo 2003</subfield>
    <subfield code="l">0</subfield>
    <subfield code="p">2026-1828</subfield>
    <subfield code="r">2026-03-09</subfield>
    <subfield code="t">e.3</subfield>
    <subfield code="w">2026-03-09</subfield>
    <subfield code="y">ISSUE</subfield>
    <subfield code="z">Trabajo infantil dom&#xE9;stico.</subfield>
  </datafield>
  <datafield tag="952" ind1=" " ind2=" ">
    <subfield code="0">0</subfield>
    <subfield code="1">0</subfield>
    <subfield code="2">ddc</subfield>
    <subfield code="4">0</subfield>
    <subfield code="5">6</subfield>
    <subfield code="7">0</subfield>
    <subfield code="8">SE</subfield>
    <subfield code="a">BNPHU</subfield>
    <subfield code="b">BNPHU</subfield>
    <subfield code="d">2026-03-09</subfield>
    <subfield code="h">A&#xF1;o 27, n&#xFA;mero 2, noviembre 2006</subfield>
    <subfield code="l">0</subfield>
    <subfield code="p">2026-1829</subfield>
    <subfield code="r">2026-03-09</subfield>
    <subfield code="t">e.1</subfield>
    <subfield code="w">2026-03-09</subfield>
    <subfield code="y">ISSUE</subfield>
    <subfield code="z">Mujeres Seguridad Ciudadana.</subfield>
  </datafield>
  <datafield tag="952" ind1=" " ind2=" ">
    <subfield code="0">0</subfield>
    <subfield code="1">0</subfield>
    <subfield code="2">ddc</subfield>
    <subfield code="4">0</subfield>
    <subfield code="5">6</subfield>
    <subfield code="7">0</subfield>
    <subfield code="8">SE</subfield>
    <subfield code="a">BNPHU</subfield>
    <subfield code="b">BNPHU</subfield>
    <subfield code="d">2026-03-09</subfield>
    <subfield code="h">A&#xF1;o 29, n&#xFA;mero 2, noviembre 2009</subfield>
    <subfield code="l">0</subfield>
    <subfield code="p">2026-1830</subfield>
    <subfield code="r">2026-03-09</subfield>
    <subfield code="t">e.1</subfield>
    <subfield code="w">2026-03-09</subfield>
    <subfield code="y">ISSUE</subfield>
    <subfield code="z">No al Art&#xED;culo 30.</subfield>
  </datafield>
  <datafield tag="952" ind1=" " ind2=" ">
    <subfield code="0">0</subfield>
    <subfield code="1">0</subfield>
    <subfield code="2">ddc</subfield>
    <subfield code="4">0</subfield>
    <subfield code="5">6</subfield>
    <subfield code="7">0</subfield>
    <subfield code="8">SE</subfield>
    <subfield code="a">BNPHU</subfield>
    <subfield code="b">BNPHU</subfield>
    <subfield code="d">2026-03-09</subfield>
    <subfield code="h">A&#xF1;o 31, n&#xFA;mero 2, noviembre 2011</subfield>
    <subfield code="l">0</subfield>
    <subfield code="p">2026-1831</subfield>
    <subfield code="r">2026-03-09</subfield>
    <subfield code="t">e.1</subfield>
    <subfield code="w">2026-03-09</subfield>
    <subfield code="y">ISSUE</subfield>
    <subfield code="z">25 de Noviembre, D&#xED;a Internacional de la No Violencia contra la Mujer.</subfield>
  </datafield>
  <datafield tag="952" ind1=" " ind2=" ">
    <subfield code="0">0</subfield>
    <subfield code="1">0</subfield>
    <subfield code="2">ddc</subfield>
    <subfield code="4">0</subfield>
    <subfield code="5">6</subfield>
    <subfield code="7">0</subfield>
    <subfield code="8">SE</subfield>
    <subfield code="a">BNPHU</subfield>
    <subfield code="b">BNPHU</subfield>
    <subfield code="d">2026-03-09</subfield>
    <subfield code="h">A&#xF1;o 15, n&#xFA;mero 1</subfield>
    <subfield code="l">0</subfield>
    <subfield code="p">2026-1832</subfield>
    <subfield code="r">2026-03-09</subfield>
    <subfield code="t">e.1</subfield>
    <subfield code="w">2026-03-09</subfield>
    <subfield code="y">ISSUE</subfield>
    <subfield code="z">Mujer y elecciones: Un reto a la Participaci&#xF3;n. </subfield>
  </datafield>
  <datafield tag="952" ind1=" " ind2=" ">
    <subfield code="0">0</subfield>
    <subfield code="1">0</subfield>
    <subfield code="2">ddc</subfield>
    <subfield code="4">0</subfield>
    <subfield code="5">6</subfield>
    <subfield code="7">0</subfield>
    <subfield code="8">SE</subfield>
    <subfield code="a">BNPHU</subfield>
    <subfield code="b">BNPHU</subfield>
    <subfield code="d">2026-03-09</subfield>
    <subfield code="h">A&#xF1;o 15, n&#xFA;mero 1</subfield>
    <subfield code="l">0</subfield>
    <subfield code="p">2026-1833</subfield>
    <subfield code="r">2026-03-09</subfield>
    <subfield code="t">e.2</subfield>
    <subfield code="w">2026-03-09</subfield>
    <subfield code="y">ISSUE</subfield>
    <subfield code="z">Mujer y elecciones: Un reto a la Participaci&#xF3;n. </subfield>
  </datafield>
  <datafield tag="952" ind1=" " ind2=" ">
    <subfield code="0">0</subfield>
    <subfield code="1">0</subfield>
    <subfield code="2">ddc</subfield>
    <subfield code="4">0</subfield>
    <subfield code="5">6</subfield>
    <subfield code="7">0</subfield>
    <subfield code="8">SE</subfield>
    <subfield code="a">BNPHU</subfield>
    <subfield code="b">BNPHU</subfield>
    <subfield code="d">2026-03-09</subfield>
    <subfield code="h">A&#xF1;o 15, n&#xFA;mero 1</subfield>
    <subfield code="l">0</subfield>
    <subfield code="p">2026-1834</subfield>
    <subfield code="r">2026-03-09</subfield>
    <subfield code="t">e.3</subfield>
    <subfield code="w">2026-03-09</subfield>
    <subfield code="y">ISSUE</subfield>
    <subfield code="z">Mujer y elecciones: Un reto a la Participaci&#xF3;n. </subfield>
  </datafield>
  <datafield tag="952" ind1=" " ind2=" ">
    <subfield code="0">0</subfield>
    <subfield code="1">0</subfield>
    <subfield code="2">ddc</subfield>
    <subfield code="4">0</subfield>
    <subfield code="5">6</subfield>
    <subfield code="7">0</subfield>
    <subfield code="8">SE</subfield>
    <subfield code="a">BNPHU</subfield>
    <subfield code="b">BNPHU</subfield>
    <subfield code="d">2026-03-09</subfield>
    <subfield code="h">A&#xF1;o 15, n&#xFA;mero 3</subfield>
    <subfield code="l">0</subfield>
    <subfield code="p">2026-1835</subfield>
    <subfield code="r">2026-03-09</subfield>
    <subfield code="t">e.1</subfield>
    <subfield code="w">2026-03-09</subfield>
    <subfield code="y">ISSUE</subfield>
    <subfield code="z">Reclama con tu voto democracia en el pa&#xED;s y en la casa.</subfield>
  </datafield>
  <datafield tag="952" ind1=" " ind2=" ">
    <subfield code="0">0</subfield>
    <subfield code="1">0</subfield>
    <subfield code="2">ddc</subfield>
    <subfield code="4">0</subfield>
    <subfield code="5">6</subfield>
    <subfield code="7">0</subfield>
    <subfield code="8">SE</subfield>
    <subfield code="a">BNPHU</subfield>
    <subfield code="b">BNPHU</subfield>
    <subfield code="d">2026-03-09</subfield>
    <subfield code="h">A&#xF1;o 15, n&#xFA;mero 3</subfield>
    <subfield code="l">0</subfield>
    <subfield code="p">2026-1836</subfield>
    <subfield code="r">2026-03-09</subfield>
    <subfield code="t">e.2</subfield>
    <subfield code="w">2026-03-09</subfield>
    <subfield code="y">ISSUE</subfield>
    <subfield code="z">Reclama con tu voto democracia en el pa&#xED;s y en la casa.</subfield>
  </datafield>
  <datafield tag="952" ind1=" " ind2=" ">
    <subfield code="0">0</subfield>
    <subfield code="1">0</subfield>
    <subfield code="2">ddc</subfield>
    <subfield code="4">0</subfield>
    <subfield code="5">6</subfield>
    <subfield code="7">0</subfield>
    <subfield code="8">SE</subfield>
    <subfield code="a">BNPHU</subfield>
    <subfield code="b">BNPHU</subfield>
    <subfield code="d">2026-03-09</subfield>
    <subfield code="h">A&#xF1;o 15, n&#xFA;mero 3</subfield>
    <subfield code="l">0</subfield>
    <subfield code="p">2026-1837</subfield>
    <subfield code="r">2026-03-09</subfield>
    <subfield code="t">e.3</subfield>
    <subfield code="w">2026-03-09</subfield>
    <subfield code="y">ISSUE</subfield>
    <subfield code="z">Reclama con tu voto democracia en el pa&#xED;s y en la casa.</subfield>
  </datafield>
  <datafield tag="999" ind1=" " ind2=" ">
    <subfield code="c">60464</subfield>
    <subfield code="d">60464</subfield>
  </datafield>
</record>
